| 000 | 00352nam a2200133Ia 4500 | ||
|---|---|---|---|
| 008 | 240624s9999 xx 000 0 und d | ||
| 041 | _aeng | ||
| 082 | _a330.95 AGR | ||
| 100 | _aAGRAWAL PRADEEP | ||
| 245 | _aPOLICY REGIMES AND INDUSTRIAL COMPETITIV | ||
| 260 |
_c2007 _aNew Delhi _bMacmillan |
||
| 300 | _axvii, : 315 : p. : cm. ; 20 | ||
| 365 |
_cRS _b35 |
||
| 999 |
_c8142 _d8142 |
||